[Event "Fide Mercenarios 2nd"]
[Site "Mexico City"]
[Date "1995.??.??"]
[Round "?"]
[White "Guevara, Mario"]
[Black "Castillo Castelan, Miguel Angel"]
[Result "0-1"]
[WhiteElo "2260"]
[BlackElo "2175"]
[PlyCount "83"]
[EventDate "1995.??.??"]
[EventType "tourn"]
[EventRounds "11"]
[EventCountry "MEX"]
[SourceTitle "EXT 2000"]
[Source "ChessBase"]
[SourceDate "1999.11.16"]
[SourceVersion "1"]
[SourceVersionDate "1999.11.16"]
[SourceQuality "1"]

1. c4 Nf6 2. Nc3 g6 3. d4 Bg7 4. e4 d6 5. f3 0-0 6. Be3 c6 7. Qd2 Re8 8. Nge2 e5 9. d5 cxd5 10. cxd5 Bd7 11. Nc1 Na6 12. Bxa6 bxa6 13. 0-0 Qa5 14. Qf2 Bb5 15. Nb3 Qc7 16. Nxb5 axb5 17. Rfc1 Qd7 18. Na5 Nh5 19. Rc6 Bf6 20. Ra6 Nf4 21. Nc6 Qb7 22. Rxa7 Rxa7 23. Nxa7 Ra8 24. Nc6 b4 25. b3 Qb5 26. Qd2 Ne2+ 27. Kf2 Nd4 28. Bxd4 exd4 29. Rd1 d3 30. Qxd3 Rxa2+ 31. Kg3 Qb6 32. Rd2 Ra1 33. f4 Rc1 34. Qf3 h5 35. e5 dxe5 36. fxe5 Bg5 37. Rd3 Qg1 38. Kh3 Rf1 39. Qg3 Bf4 40. Qxf4 Rxf4 41. d6 Qf1 42. Ne7+ 0-1

[Event "Fide Mercenarios 2nd"]
[Site "Mexico City"]
[Date "1995.??.??"]
[Round "?"]
[White "Guevara, Mario"]
[Black "Martin Del Campo C, Jorge Arturo"]
[Result "0-1"]
[WhiteElo "2260"]
[BlackElo "2180"]
[PlyCount "65"]
[EventDate "1995.??.??"]
[EventType "tourn"]
[EventRounds "11"]
[EventCountry "MEX"]
[SourceTitle "EXT 2000"]
[Source "ChessBase"]
[SourceDate "1999.11.16"]
[SourceVersion "1"]
[SourceVersionDate "1999.11.16"]
[SourceQuality "1"]

1. c4 Nf6 2. Nc3 g6 3. Nf3 Bg7 4. g3 0-0 5. Bg2 d6 6. 0-0 e5 7. d3 Nc6 8. Rb1 h6 9. b4 Ne7 10. Bb2 Be6 11. e4 Qd7 12. Re1 Bh3 13. Bh1 Bg4 14. Ne2 Rae8 15. Qc2 Nh7 16. Nh4 f5 17. f3 Bh3 18. Ba1 fxe4 19. dxe4 g5 20. Ng2 Rxf3 21. Ngf4 Rxf4 22. Nxf4 gxf4 23. Rb3 Ng6 24. Qe2 Ng5 25. Bf3 Rf8 26. Bh5 Qe6 27. Qd1 f3 28. Kf2 Bg4 29. Bxg4 Qxg4 30. Qd5+ Kh8 31. Qxb7 Nh3+ 32. Kf1 f2 33. Re2 0-1

[Event "Fide Mercenarios 5th"]
[Site "Mexico City"]
[Date "1995.??.??"]
[Round "8"]
[White "Sanchez, F."]
[Black "Guevara, Mario"]
[Result "0-1"]
[WhiteElo "2000"]
[BlackElo "2260"]
[PlyCount "72"]
[EventDate "1995.??.??"]
[EventType "tourn"]
[EventRounds "11"]
[EventCountry "MEX"]
[SourceTitle "EXT 2000"]
[Source "ChessBase"]
[SourceDate "1999.11.16"]
[SourceVersion "1"]
[SourceVersionDate "1999.11.16"]
[SourceQuality "1"]

1. e4 c5 2. Nf3 e6 3. d4 cxd4 4. Nxd4 Nc6 5. Nb5 d6 6. Bf4 e5 7. Be3 a6 8. N5c3 Be6 9. Be2 Be7 10. 0-0 Nf6 11. Nd5 Bxd5 12. exd5 Nb8 13. c4 Nbd7 14. b4 b6 15. Nc3 0-0 16. Bd3 g6 17. g4 Ne8 18. Bh6 Ng7 19. Qd2 Nf6 20. f3 Rc8 21. Kh1 Re8 22. Rg1 Kh8 23. h4 Ng8 24. Bxg7+ Kxg7 25. h5 Bg5 26. Qh2 Bf4 27. Qh3 b5 28. Kg2 bxc4 29. Be2 Nf6 30. Rh1 Qb6 31. hxg6 hxg6 32. g5 Bxg5 33. Ne4 Rh8 34. Qg3 Bf4 35. Qe1 Rxh1 36. Qxh1 Rh8 0-1

[Event "Fide Mercenarios 1st"]
[Site "Mexico City"]
[Date "1994.??.??"]
[Round "2"]
[White "Guevara, Mario"]
[Black "Pla, Silvio"]
[Result "0-1"]
[WhiteElo "2265"]
[BlackElo "2240"]
[PlyCount "86"]
[EventDate "1994.??.??"]
[EventType "tourn"]
[EventRounds "11"]
[EventCountry "MEX"]
[SourceTitle "EXT 2000"]
[Source "ChessBase"]
[SourceDate "1999.11.16"]
[SourceVersion "1"]
[SourceVersionDate "1999.11.16"]
[SourceQuality "1"]

1. e4 e5 2. Nf3 Nc6 3. Bb5 Nf6 4. 0-0 Nxe4 5. Bxc6 dxc6 6. Qe2 Nf6 7. Qxe5+ Be7 8. Re1 Qd6 9. d4 Qxe5 10. Rxe5 h6 11. b3 Be6 12. c4 0-0-0 13. Ba3 Bd6 14. Bxd6 cxd6 15. Re2 Rhe8 16. Nbd2 Bf5 17. Rae1 Rxe2 18. Rxe2 Re8 19. Rxe8+ Nxe8 20. h3 f6 21. g4 Bh7 22. Ne1 Nc7 23. Ng2 Kd7 24. Ne3 d5 25. Kh2 b6 26. Kg3 Kd6 27. Nf5+ Bxf5 28. gxf5 dxc4 29. bxc4 b5 30. Kf4 bxc4 31. Nxc4+ Kd5 32. Na5 Nb5 33. Nb7 Nxd4 34. Nd8 c5 35. h4 c4 36. Ne6 Nxe6+ 37. fxe6 Kxe6 38. Ke4 g5 39. h5 f5+ 40. Kd4 g4 41. Kxc4 f4 42. Kd4 Kf5 43. a4 a5 0-1

[Event "Mexico DF Mercenario"]
[Site "Mexico City"]
[Date "1993.??.??"]
[Round "2"]
[White "Guevara, Mario"]
[Black "Norgaard, Jesper"]
[Result "0-1"]
[WhiteElo "2265"]
[BlackElo "2320"]
[PlyCount "90"]
[EventDate "1993.??.??"]
[EventType "swiss"]
[EventRounds "6"]
[EventCountry "MEX"]
[SourceTitle "EXT 1999"]
[Source "ChessBase"]
[SourceDate "1998.11.16"]
[SourceVersion "1"]
[SourceVersionDate "1998.11.16"]
[SourceQuality "1"]

1. c4 Nf6 2. Nc3 g6 3. g3 Bg7 4. Bg2 0-0 5. Nf3 d6 6. 0-0 Nc6 7. Rb1 a5 8. a3 Bf5 9. d3 Qd7 10. b4 axb4 11. axb4 Bh3 12. b5 Nd8 13. Bb2 Bxg2 14. Kxg2 e5 15. Qc2 Ne6 16. Ra1 Rab8 17. Rfd1 Nh5 18. e4 f5 19. Ne2 fxe4 20. dxe4 Nef4+ 21. Nxf4 Nxf4+ 22. Kh1 Qh3 23. Nh4 Ne6 24. Ra3 Rf7 25. f3 Rbf8 26. Qg2 Qxg2+ 27. Kxg2 b6 28. Rdd3 Nc5 29. Re3 Bh6 30. Re2 Bg5 31. Rc2 Ne6 32. Bc1 Nd4 33. Rcc3 Bxc1 34. Rxc1 g5 35. Nf5 Nxf5 36. exf5 Rxf5 37. Ra7 R8f7 38. Rc3 h5 39. h3 e4 40. Ra8+ Kg7 41. g4 exf3+ 42. Kf2 hxg4 43. hxg4 Rf4 44. Raa3 Rxg4 45. Rxf3 Rxc4 0-1